| 000 | 00399nam a2200157Ia 4500 | ||
|---|---|---|---|
| 008 | 250612s9999 xx 000 0 und d | ||
| 082 | _a920.54 CHA | ||
| 100 | _aChagla, M. C. | ||
| 245 | 0 |
_aRoses In December: _ban autobiography |
|
| 250 | _a8th ed. | ||
| 260 |
_aBombay: _bBharatiya Vidya Bhavan, _c1978 |
||
| 300 | _a578p. | ||
| 500 | _aincludes index | ||
| 600 | _aAutobiography | ||
| 942 | _cGB | ||
| 999 |
_c31500 _d31500 |
||